Riconosci lo Stato - Quiz n°37 - Statistics

Statistiche generali
  • Questo quiz è stato fatto 37 volte
  • Il punteggio medio è 8 su 12
Statistiche sulle risposte
Indizio Risposta % Corretto
Valuta franco CFA UEMOA
91%
Iniziale della Capitale P
88%
Fuso Orario UTC+1
82%
Indipendenza dalla Francia, 1º agosto 1960
79%
Superficie 112.620 km²
73%
Popolazione 12.378.840 ab.
73%
Presidente della Repubblica Patrice Talon
73%
Forma di Governo Repubblica presidenziale
67%
PIL (nominale) 7 565 milioni di $ (2012
61%
ISU 0,427
55%
Tasso di crescita 2,877%
52%
Risposta Benin
48%
Nessun quiz corrispondente trovato
Distribuzione punteggi
Percentuale di utenti per punteggio
Percentile per numero di risposta
I tuoi punteggi nel tempo
Non hai fatto questo quiz